|
|
|
|
| LEADER |
01027nam a2200265 a 4500 |
| 001 |
1245 |
| 008 |
130630s1980 nyua b i000 0 eng d |
| 010 |
|
|
|a 80138417
|
| 040 |
|
|
|a DLC
|c DLC
|d DLC
|d BD-DhAAL
|
| 082 |
0 |
0 |
|a 304.6/2
|2 19
|
| 110 |
2 |
|
|a United Nations.
|b Department of International Economic and Social Affairs.
|
| 245 |
1 |
0 |
|a Patterns of urban and rural population growth.
|
| 260 |
|
|
|a New York :
|b United Nations,
|c 1980.
|
| 300 |
|
|
|a ix, 175 p. :
|b ill. ;
|c 28 cm.
|
| 490 |
1 |
|
|a Population studies ;
|v no. 68
|
| 490 |
1 |
|
|a [Document] - United Nations ;
|v ST/ESA/SER.A/68
|
| 500 |
|
|
|a "United Nations publication. Sales no. E.79.XIII.9."
|
| 504 |
|
|
|a Includes bibliographical references.
|
| 541 |
|
|
|e 1245
|
| 650 |
|
0 |
|a Population.
|
| 650 |
|
0 |
|a Rural population.
|
| 650 |
|
0 |
|a Urbanization.
|
| 852 |
1 |
|
|a Ayesha Abed Library
|j General shelf.
|
| 999 |
|
|
|c 13646
|d 13646
|
| 952 |
|
|
|0 0
|1 0
|2 ddc
|4 0
|6 304_620000000000000_PAT
|7 0
|9 22842
|a BRACUL
|b BRACUL
|c GEN
|d 2013-06-30
|g 1430.00
|l 0
|o 304.62 PAT
|p 3010001245
|r 2013-06-30
|t 1
|w 2013-06-30
|y BK
|